Name a Total Drama Contestant A-Z - Statistics

General Stats
  • This quiz has been taken 186 times
  • The average score is 17 of 20
Answer Stats
Letter Answer # % Correct
B B | Beardo | Beth | Blaineley | Bowie | Brick | Bridgette | Brody 8
97%
D Dakota | Damien | Dave | Dawn | Devin | DJ | Duncan | Dwayne 8
96%
A Alejandro | Amy | Anne Maria | Axel 4
94%
C Caleb | Cameron | Carrie | Chase | Chet | Cody | Courtney | Crimson 8
94%
E Ella | Ellody | Emma | Emma | Ennui | Eva | Ezekiel 7
94%
G Geoff | Gerry | Gwen 3
93%
H Harold | Heather 2
92%
L Laurie | Leonard | Leshawna | Lightning | Lindsay | Lorenzo 6
88%
J Jacques | Jasmine | Jay | Jen | Jo | Josee | Julia | Junior | Justin 9
87%
O Owen 1
86%
S Sadie | Sam | Samey | Sanders | Scarlett | Scary Girl | Scott | Shawn | Sierra | Sky | Spud | Staci | Stephanie | Sugar 14
86%
M MacArthur | Mary | Max | Mickey | Mike | Miles | Millie | MK 8
82%
T Tammy | Taylor | Tom | Topher | Trent | Tyler 6
82%
I Izzy 1
80%
K Katie | Kelly | Kitty 3
80%
Z Zee | Zoey 2
79%
N Nichelle | Noah 2
78%
R Raj | Ripper | Rock | Rodney | Ryan 5
63%
P Pete | Priya 2
62%
W Wayne 1
54%
No matching quizzes found
Score Distribution
Percent of People with Each Score
Percentile by Number Answered
Your Score History
You have not taken this quiz